• 首页
  • 本馆介绍
  • 公告通知
  • 最新文献
  • 馆藏检索
  • 电子资源
  • 读者导购
  • 参考咨询
  • 我的图书馆
  • 登录
  • 详细信息显示
  • 放入我的书架
  • 预约/预借图书
  • 作者相关作品
  • 分类相关作品
  • 丛书相关作品
  • 出版社相关作品

书目信息

  • 表格格式
  • 工作单格式
  • 卡片格式
书名: Application and implementation of finite element methods
作者: J.E. Akin.
分册号:
分册名:
出版地: London ;
 
出版社: Academic Press
出版时间: 1982.
页数: xi, 372 p. :
开本: 24 cm.
丛书名: Computational mathematics and applications
中图分类号:
科图分类号:
其他分类号: O242.21
主题词:
电子资源:
000 00889nam 2200277 a 4500
001 E0753415007
005 20070505093446.96
008 @b@b 00110 eng
008 @1@1 uu
010    @a81069597
020    @a0120476509.
049    @aN5LA
050 0  @aTA347.F5 @bA34 1982
082 0  @a515.3/53 @219
090    @aO242.21
096    @aTB115 @v2
099    @dO242.21@ex1
100 10 @aAkin, J. E.
245 10 @aApplication and implementation of finite element methods / @cJ.E. Akin.
260 0  @aLondon ;@aNew York :@bAcademic Press,@c1982.
300    @axi, 372 p. :@bill. ;@c24 cm.
440  0 @aComputational mathematics and applications
500    @aIncludes indexes.
504    @aBibliography: p. 345-349.
650  0 @aFinite element method @xData processing. @b00 @c20020930 @lNLC09 @h2248 @lNLC09 @h2323 @lNLC09 @h1914
852 9  @bWWJC @cJ08S @k2 @hTB115 @iA31
    
    Application and implementation of finite element methods / / J.E. Akin.-London ; ; New York : : Academic Press, , 1982.
    xi, 372 p. : : ill. ; ; 24 cm.- (Computational mathematics and applications )
    Includes indexes.-Bibliography: p. 345-349.
    
    ISBN 0120476509.
    
●
相关链接 在E读中查询图书 在五车中查询图书 在当当中查询图书 在豆瓣中查询图书


正题名:Application and implementation of finite element methods     索取号:O242.21/x1         预约/预借

序号 登录号 条形码 馆藏地/架位号 状态 备注
1 180985   000439966   第四借阅区/ [索取号:O242.21/x1] 在馆    
2 180986   000440008   第二样本阅览室/ [索取号:O242.21/x1] 在馆    
唐山师范学院图书馆 欢迎您!
大连网信软件有限公司© 版权所有